[Event "MVP-ch Seniors op 19th"]
[Site "Ostseebad Binz"]
[Date "2019.12.05"]
[Round "9"]
[White "Farel, Edgard"]
[Black "Jacob, Barbara"]
[Result "0-1"]
[WhiteElo "1609"]
[BlackElo "1782"]
[PlyCount "66"]
[EventDate "2019.11.27"]
[EventType "swiss"]
[EventRounds "9"]
[EventCountry "GER"]
[SourceTitle "EXT 2021"]
[Source "ChessBase"]
[SourceDate "2020.10.23"]
[SourceVersion "1"]
[SourceVersionDate "2020.10.23"]
[SourceQuality "1"]

1. e4 b6 2. d4 Bb7 3. Nc3 e6 4. a3 Be7 5. Nf3 Nf6 6. Bd3 0-0 7. 0-0 d5 8. e5 Ne4 9. Re1 Nxc3 10. bxc3 Nd7 11. Be3 f5 12. exf6 Bxf6 13. c4 c5 14. c3 Rc8 15. Bd2 cxd4 16. Nxd4 Bxd4 17. cxd4 Qf6 18. Be3 dxc4 19. Bf1 b5 20. Rb1 a6 21. a4 Bc6 22. axb5 axb5 23. Qe2 Qg6 24. Bd2 Rce8 25. Bb4 Rf4 26. Bd6 Rxd4 27. Rbd1 Rxd1 28. Qxd1 Nf6 29. f3 Nd5 30. Be5 Qg5 31. Qd4 Nb4 32. Qc3 Nd5 33. Qd2 Qxd2 0-1

[Event "RLP Seniors op 17th"]
[Site "Neustadt an der Weinstrasse"]
[Date "2019.07.22"]
[Round "3"]
[White "Bachmann, Rolf"]
[Black "Jacob, Barbara"]
[Result "1-0"]
[WhiteElo "1963"]
[BlackElo "1808"]
[PlyCount "47"]
[EventDate "2019.07.20"]
[EventType "swiss"]
[EventRounds "9"]
[EventCountry "GER"]
[SourceTitle "CBM 192 Extra"]
[Source "Chessbase"]
[SourceDate "2019.11.06"]
[SourceVersion "1"]
[SourceVersionDate "2019.11.06"]
[SourceQuality "1"]

1. d4 Nf6 2. c4 e5 3. dxe5 Ng4 4. Nf3 Bc5 5. e3 Nc6 6. a3 a5 7. b3 Ngxe5 8. Bb2 d6 9. Be2 Bf5 10. Nc3 Nxf3+ 11. Bxf3 Ne5 12. Ne4 Bxe4 13. Bxe4 Qh4 14. Bxb7 Rb8 15. Bxe5 Rxb7 16. Bc3 Qe4 17. 0-0 0-0 18. Bxa5 Rfb8 19. b4 Ba7 20. Qd5 Qg6 21. Rfd1 Qc2 22. c5 h6 23. cxd6 c6 24. Qd3 1-0

[Event "GER-ch Seniors 65 31st"]
[Site "Radebeul"]
[Date "2019.05.01"]
[Round "6"]
[White "Glasewald, Stefan"]
[Black "Jacob, Barbara"]
[Result "1/2-1/2"]
[WhiteElo "2018"]
[BlackElo "1776"]
[PlyCount "44"]
[EventDate "2019.04.26"]
[EventType "swiss"]
[EventRounds "9"]
[EventCountry "GER"]
[SourceTitle "CBM 190 Extra"]
[Source "ChessBase"]
[SourceDate "2019.07.15"]
[SourceVersion "1"]
[SourceVersionDate "2019.07.15"]
[SourceQuality "1"]

1. d4 Nf6 2. Nc3 d5 3. Bg5 h6 4. Bf4 c6 5. f3 Bf5 6. e3 Nbd7 7. Bd3 Bxd3 8. Qxd3 Nh5 9. Nge2 Nxf4 10. Nxf4 e5 11. Nfe2 exd4 12. exd4 Qg5 13. 0-0 0-0-0 14. a3 Bd6 15. b4 Nb6 16. Nd1 Nc4 17. f4 Qf6 18. Ne3 Nxe3 19. Qxe3 Rde8 20. Qd3 Qe6 21. Rae1 Qe3+ 22. Qxe3 Rxe3 1/2-1/2

[Event "GER-ch Seniors 65"]
[Site "Hamburg"]
[Date "2018.07.26"]
[Round "6"]
[White "Redeker, Frank"]
[Black "Jacob, Barbara"]
[Result "1/2-1/2"]
[WhiteElo "1615"]
[BlackElo "1763"]
[PlyCount "47"]
[EventDate "2018.07.21"]
[EventType "swiss"]
[EventRounds "9"]
[EventCountry "GER"]
[SourceTitle "CBM 186 Extra"]
[Source "ChessBase"]
[SourceDate "2018.08.24"]
[SourceVersion "1"]
[SourceVersionDate "2018.08.24"]
[SourceQuality "1"]

1. d4 Nf6 2. Bf4 d6 3. e3 g6 4. Nc3 a6 5. Be2 Bg7 6. e4 c6 7. e5 dxe5 8. dxe5 Nd5 9. Nxd5 cxd5 10. Nf3 Nc6 11. Qd2 h5 12. Rd1 e6 13. Bg5 Qc7 14. Bf6 Bxf6 15. exf6 Bd7 16. 0-0 Rc8 17. c4 dxc4 18. Bxc4 b5 19. Be2 Rd8 20. Qd6 Qxd6 21. Rxd6 Nb4 22. a3 Nd5 23. Rxa6 Nxf6 24. Ra5 1/2-1/2

[Event "GER-ch Seniors 65+ 30th"]
[Site "Hamburg"]
[Date "2018.07.24"]
[Round "4"]
[White "Nauschuetz, Ernst"]
[Black "Jacob, Barbara"]
[Result "1-0"]
[WhiteElo "1974"]
[BlackElo "1763"]
[PlyCount "107"]
[EventDate "2018.07.21"]
[EventType "swiss"]
[EventRounds "9"]
[EventCountry "GER"]
[SourceTitle "EXT 2020"]
[Source "ChessBase"]
[SourceDate "2019.10.17"]
[SourceVersion "1"]
[SourceVersionDate "2019.10.17"]
[SourceQuality "1"]

1. c4 c6 2. g3 d5 3. Nf3 Nf6 4. Bg2 Bf5 5. cxd5 cxd5 6. Qb3 Qb6 7. Qxb6 axb6 8. Nc3 e6 9. d3 Nc6 10. 0-0 Be7 11. Bd2 h6 12. a3 0-0 13. Nb5 Rfc8 14. Bc3 Ne8 15. Rac1 Nd6 16. Nxd6 Bxd6 17. Nd4 Nxd4 18. Bxd4 Bc5 19. Be5 Be7 20. Bf4 Bg5 21. Bxg5 hxg5 22. Rfd1 Rc6 23. e4 dxe4 24. dxe4 Bg6 25. e5 Rxc1 26. Rxc1 Ra5 27. f4 gxf4 28. gxf4 Ra4 29. Rf1 Be4 30. Bxe4 Rxe4 31. Rf2 Kh7 32. Kg2 Kg6 33. Kg3 Kf5 34. Rf3 Rd4 35. Rb3 Rxf4 36. Rxb6 g5 37. Rxb7 Kxe5 38. Rb5+ Kf6 39. Rc5 e5 40. b4 Rd4 41. Rc3 Kf5 42. b5 Rh4 43. b6 Rg4+ 44. Kf2 Rh4 45. b7 Rxh2+ 46. Kf1 Rb2 47. Rc7 f6 48. a4 g4 49. a5 Kf4 50. a6 Kf3 51. Rc3+ Kf4 52. a7 Rb1+ 53. Ke2 Rb2+ 54. Kd1 1-0

[Event "GER-ch Seniors 65"]
[Site "Hamburg"]
[Date "2018.07.22"]
[Round "2"]
[White "Hawranke, Dietrich"]
[Black "Jacob, Barbara"]
[Result "1-0"]
[WhiteElo "2143"]
[BlackElo "1763"]
[PlyCount "25"]
[EventDate "2018.07.21"]
[EventType "swiss"]
[EventRounds "9"]
[EventCountry "GER"]
[SourceTitle "CBM 186 Extra"]
[Source "ChessBase"]
[SourceDate "2018.08.24"]
[SourceVersion "1"]
[SourceVersionDate "2018.08.24"]
[SourceQuality "1"]

1. d4 Nf6 2. Nf3 d5 3. c4 c6 4. e3 g6 5. Nc3 Bg7 6. Bd3 0-0 7. 0-0 Nbd7 8. cxd5 cxd5 9. Qb3 Nb6 10. Bd2 e6 11. Rfc1 a6 12. Ne2 Ne4 13. Ba5 1-0

[Event "GER-ch Seniors 65"]
[Site "Hamburg"]
[Date "2018.07.21"]
[Round "1"]
[White "Jacob, Barbara"]
[Black "Waagener, Ulrich"]
[Result "1/2-1/2"]
[WhiteElo "1763"]
[BlackElo "2112"]
[PlyCount "85"]
[EventDate "2018.07.21"]
[EventType "swiss"]
[EventRounds "9"]
[EventCountry "GER"]
[SourceTitle "CBM 186 Extra"]
[Source "ChessBase"]
[SourceDate "2018.08.24"]
[SourceVersion "1"]
[SourceVersionDate "2018.08.24"]
[SourceQuality "1"]

1. e4 Nf6 2. Nc3 d5 3. exd5 Nxd5 4. d4 c6 5. Nf3 g6 6. Be2 Nxc3 7. bxc3 Bg7 8. Bd2 Nd7 9. Rb1 0-0 10. 0-0 e5 11. Re1 Qc7 12. Bc4 Nb6 13. Bb3 c5 14. dxc5 Qxc5 15. Ng5 Qc7 16. Qf3 Nc4 17. Bc1 h6 18. Ne4 Bf5 19. Bxc4 Qxc4 20. Nd6 Qxa2 21. Rxb7 e4 22. Nxe4 Rae8 23. g4 Bc8 24. Rb2 Qe6 25. Bxh6 Qxg4+ 26. Qxg4 Bxg4 27. Bd2 Bf3 28. Nc5 Rxe1+ 29. Bxe1 Re8 30. Rb1 Re5 31. Nd3 Rg5+ 32. Kf1 Rg2 33. Rb5 Rxh2 34. Rg5 a5 35. c4 Rh1+ 36. Rg1 Rxg1+ 37. Kxg1 a4 38. Bb4 f5 39. Kh2 Kf7 40. Kg3 Bd1 41. c3 g5 42. f4 Be2 43. Nb2 1/2-1/2

[Event "GER-chB Seniors 28th"]
[Site "Niederhausen"]
[Date "2016.08.18"]
[Round "6"]
[White "Jacob, Barbara"]
[Black "Wraga, Teresa"]
[Result "1/2-1/2"]
[WhiteElo "1750"]
[BlackElo "1639"]
[PlyCount "26"]
[EventDate "2016.08.13"]
[EventType "swiss"]
[EventRounds "9"]
[EventCountry "GER"]
[SourceTitle "EXT 2019"]
[Source "ChessBase"]
[SourceDate "2018.10.10"]
[SourceVersion "1"]
[SourceVersionDate "2018.10.10"]
[SourceQuality "1"]

1. e4 d6 2. d4 Nf6 3. Nc3 g6 4. Be3 Bg7 5. h3 0-0 6. Nf3 a6 7. Qd2 b5 8. a3 Bb7 9. Bd3 Nbd7 10. Bh6 c5 11. Bxg7 Kxg7 12. d5 c4 13. Be2 Nc5 1/2-1/2

[Event "Muensterland Verbandsklasse 1516"]
[Site "Germany"]
[Date "2016.05.28"]
[Round "9.7"]
[White "Terhart, Juergen"]
[Black "Jacob, Barbara"]
[Result "1-0"]
[WhiteElo "1771"]
[BlackElo "1554"]
[PlyCount "77"]
[EventDate "2015.09.19"]
[EventType "team"]
[EventRounds "9"]
[EventCountry "GER"]
[SourceTitle "EXT 2017"]
[Source "ChessBase"]
[SourceDate "2016.10.25"]
[SourceVersion "1"]
[SourceVersionDate "2016.10.25"]
[SourceQuality "1"]
[WhiteTeam "Raesfeld Erle II"]
[BlackTeam "Ochtrup"]
[WhiteTeamCountry "GER"]
[BlackTeamCountry "GER"]

1. d4 Nf6 2. c4 e5 3. d5 d6 4. Nc3 Be7 5. e4 0-0 6. Bd3 Na6 7. Bc2 Nb4 8. Bb3 a5 9. a3 Na6 10. Bc2 Bd7 11. Nge2 Nc5 12. 0-0 Qc8 13. f3 h6 14. Be3 g5 15. Ng3 Kh7 16. Nf5 Bxf5 17. exf5 Rg8 18. g4 Kg7 19. Kf2 Ncd7 20. Qd2 Kf8 21. h4 Nh7 22. Rh1 gxh4 23. Bxh6+ Ke8 24. Ne4 Nhf6 25. g5 Nxe4+ 26. fxe4 Qd8 27. Rag1 Nb6 28. Bd3 Nd7 29. Be2 Nc5 30. Rxh4 Nb3 31. Qe3 Nd4 32. Bh5 Kd7 33. Bxf7 Rh8 34. Qh3 c6 35. f6+ Kc7 36. fxe7 Qxe7 37. Be6 Raf8+ 38. Bxf8 Rxf8+ 39. Bf5 1-0

[Event "GER-chB Seniors 27th"]
[Site "Magdeburg"]
[Date "2015.08.23"]
[Round "9"]
[White "Jacob, Barbara"]
[Black "Wolf, Burghard"]
[Result "1/2-1/2"]
[WhiteElo "1809"]
[BlackElo "1892"]
[PlyCount "79"]
[EventDate "2015.08.15"]
[EventType "swiss"]
[EventRounds "9"]
[EventCountry "GER"]
[SourceTitle "EXT 2018"]
[Source "ChessBase"]
[SourceDate "2017.10.13"]
[SourceVersion "1"]
[SourceVersionDate "2017.10.13"]
[SourceQuality "1"]

1. e4 c6 2. d4 d5 3. exd5 cxd5 4. Bd3 Nc6 5. c3 g6 6. Nf3 Bg7 7. 0-0 Qc7 8. Re1 Bg4 9. h3 Bd7 10. Qe2 0-0-0 11. a4 f6 12. Na3 e5 13. Nb5 Qb8 14. dxe5 fxe5 15. Bc2 a6 16. Na3 e4 17. Nd4 Bxd4 18. cxd4 Nxd4 19. Qd1 Nxc2 20. Qxc2+ Bc6 21. b4 Qc7 22. Bb2 d4 23. Rac1 Ne7 24. b5 d3 25. Qd2 Rhe8 26. bxc6 Nxc6 27. Nc4 Rd7 28. a5 Rde7 29. Nb6+ Kb8 30. Nd5 Qxa5 31. Qxa5 Nxa5 32. Rcd1 Re6 33. Nf4 Nc4 34. Bd4 Rd6 35. Rxd3 Ka8 36. Bc5 Rxd3 37. Nxd3 Rd8 38. Rxe4 b6 39. Rd4 Rxd4 40. Bxd4 1/2-1/2

[Event "GER-chB Seniors 27th"]
[Site "Magdeburg"]
[Date "2015.08.15"]
[Round "1"]
[White "Kuhnert, Werner Eberhard"]
[Black "Jacob, Barbara"]
[Result "0-1"]
[WhiteElo "1481"]
[BlackElo "1809"]
[PlyCount "52"]
[EventDate "2015.08.15"]
[EventType "swiss"]
[EventRounds "9"]
[EventCountry "GER"]
[SourceTitle "EXT 2018"]
[Source "ChessBase"]
[SourceDate "2017.10.13"]
[SourceVersion "1"]
[SourceVersionDate "2017.10.13"]
[SourceQuality "1"]

1. d4 Nf6 2. c4 e5 3. e3 exd4 4. exd4 Bb4+ 5. Nc3 0-0 6. Qc2 Re8+ 7. Be2 d5 8. c5 Ne4 9. Be3 Bf5 10. Qc1 c6 11. a3 Ba5 12. b4 Bc7 13. f3 Qh4+ 14. Kf1 Ng3+ 15. hxg3 Qxh1 16. f4 Nd7 17. g4 Be4 18. Bf3 Bxf3 19. gxf3 Qh6 20. Nce2 Qe6 21. Bd2 f5 22. g5 Nf8 23. Qc2 Ng6 24. Nh3 Qxe2+ 25. Kg1 Nh4 26. Nf2 Qxf3 0-1